000 00946cam a22002531i 4500
003 SA-RiAUC
003 SA_RiAUC
005 20260111130451.0
008 260107s2015____ua f 000 0 ara c
020 _a9789777940016
040 _aSA-JeALM
_bara
_cSA-RiAUC
_erda
082 0 4 _a214.27072
_qSA-RiAUC
090 _a214.27072
_bج ي و
100 1 _aالجيوشي، محمد ابراهيم
_eمؤلف.
245 1 0 _aدراسات في النصرانية /
_cمحمد ابراهيم الجيوشي
264 1 _aالقاهرة :
_bدار الهدى،
_bمحمد ابراهيم الجيوشي .
_c1988
300 _a79 صفحة ؛
_c24 سم
336 _aنص
_btxt
_2rdacontent
_3كتاب
337 _aبدون وسيط
_bn
_2rdamedia
500 _aاهداء من المؤلف محمد الجيوشي الى الشيخ رحمه الله .
650 _aالمسيحية
942 _2ddc
_cBOOK
_n0
949 _aSA-JeALM
_d260107
_uosman123
_n1
999 _c13976
_d13976